000 00310nam a22001337a 4500
008 170130b xxu||||| |||| 00| 0 eng d
020 _a9780071387620
041 _aeng
080 _24TH
_a61
100 _a3
101 _aSHMI
245 _aINTERPRETING THE MEDICAL LITERATURE
_cGEHLBACH, S.H
942 _2udc
_cBK
999 _c3952
_d3952